Subdivisions of the Kingdom of Hungary in 1490 with a Map - Statistics

General Stats
  • This quiz has been taken 2,199 times
  • The average score is 28 of 133
Answers on the Map
Answers color-coded by a green-red scale on the quiz's map according to % correct below.
 
Answer Stats
Counties % Correct
Pest
78%
Zagreb
62%
Lower Austria
52%
Győr
51%
Temes
48%
Sopron
44%
Styria
43%
Arad
41%
Bihar
39%
Nyitra
39%
Vas
39%
Veszprém
38%
Zala
38%
Brno
37%
Croatia
37%
Esztergom
37%
Wrocław
37%
Kronstadt
36%
Bács
35%
Baranya
35%
Békés
35%
Fejér
35%
Komárom
35%
Moson
35%
Pozsony
35%
Szatmár
35%
Belgrade
34%
Belső-Szolnok
34%
Csongrád
34%
Közép-Szolnok
34%
Külső-Szolnok
34%
Somogy
34%
Bereg
33%
Heves
33%
Nógrád
33%
Tolna
33%
Zemplén
33%
Abaúj
32%
Borsod
31%
Fehér
31%
Máramaros
31%
Marosszék
31%
Opole
31%
Szabolcs
31%
Ung
31%
Csanád
30%
Kolozs
29%
Hermannstadt
27%
Csíkszek
24%
Hunyad
24%
Szepes
23%
Bistritz
22%
Hont
22%
Trencsén
22%
Árva
21%
Pilis
21%
Severin
21%
Torda
21%
Olomouc
20%
Varasd
20%
Krassó
19%
Syrmia
19%
Torontál
19%
Fogaras
18%
Gömör
18%
Liptó
18%
Little Cumania
18%
Bodrog
17%
Greater Cumania
17%
Sáros
17%
Turóc
17%
Udvarhelyszék
17%
Ugocsa
17%
Bars
16%
Głogów
16%
Opava
16%
Jazigia
15%
Kishont
15%
Kőrös
15%
Küküllő
15%
Legnica
15%
Požega
15%
Sepsiszék
15%
Zólyom
15%
Torna
14%
Doboka
13%
Lower Lusatia
13%
Upper Lusatia
13%
Virovitica
13%
Cieszyn
12%
Schässburg
12%
Aranyosszék
11%
Gyergyószék
11%
Brzeg
10%
Macsó
10%
Zaránd
10%
Jajce
9%
Kézdiszék
9%
Nysa
9%
Oleśnica
9%
Kovin
8%
Mediasch
8%
Racibórz
8%
Świdnica
8%
Bytom
7%
Kraszna
7%
Orbaiszék
7%
Żagań
7%
Znojmo
7%
Broos
6%
Jihlava
6%
Kászonszék
6%
Mühlbach
6%
Orbász
6%
Ścinawa
6%
Srebrenik
6%
Valkó
6%
Ziębice
6%
Dubica
5%
Hradiště
5%
Kladsko
5%
Reps
5%
Reussmarkt
5%
Szana
5%
Gross-Schenk
4%
Jawor
4%
Přerov
4%
Prudnik
4%
Pszczyna
4%
Leschkirch
3%
Marktschelken
3%
Namysłów
2%
Syców
1%
No matching quizzes found
Score Distribution
Percent of People with Each Score
Percentile by Number Answered
Your Score History
You have not taken this quiz